000
00272nam a2200109Ia 4500
005
20251222114416.0
008
251222s1900||||xx |||||||||||||| ||spa||
082
_a
DVD0092/J92U/2006
245
0
_a
Unción de los enfermos.
264
_b
Fajardo Olivares, Walter
942
_c
DVD
999
_c
2223
_d
2223